MARC

Tag First Indicator Second Indicator Subfields
LEADER 00000cam a2200000 a 4500
001 in00000086572
005 20151008064556.0
008 810617s1981 nyua b 00110 eng
010 |a  80002337  
020 |a 0123805805 
035 |a (OCoLC)07573344 
035 |9 AAK4432AM 
039 0 |a 2  |b 3  |c 3  |d 3  |e 3 
040 |a DLC  |c DLC  |d WAU  |d TXA  |d UtOrBLW 
049 |a TXAM  |c [1805055] 
050 0 0 |a QP519.9.N83  |b J37 
082 0 |a 574.19/285  |2 19 
096 |a QU 25 J37n 1981 
100 1 |a Jardetzky, Oleg. 
245 1 0 |a NMR in molecular biology /  |c Oleg Jardetzky and G.C.K. Roberts. 
264 1 |a New York :  |b Academic Press,  |c 1981. 
300 |a xiii, 681 pages :  |b illustrations ;  |c 24 cm. 
336 |a text  |b txt  |2 rdacontent 
337 |a unmediated  |b n  |2 rdamedia 
338 |a volume  |b nc  |2 rdacarrier 
500 |a Includes indexes. 
504 |a Bibliography: pages 591-635. 
650 0 |a Nuclear magnetic resonance spectroscopy. 
650 0 |a Molecular biology  |x Technique. 
650 0 |a Biochemistry  |x Technique. 
650 2 |a Magnetic Resonance Spectroscopy. 
650 2 |a Molecular Biology. 
650 2 |a Biochemistry. 
700 1 |a Roberts, G. C. K.  |q (Gordon Carl Kenmure) 
999 |a MARS 
999 f f |s d8ee36fa-4665-33a9-bbbf-c35c81461019  |i 709a3643-54b8-37c3-b867-1a482bee62c3  |t 0 
952 f f |p normal  |a Texas A&M University  |b College Station  |c Sterling C. Evans Library  |d Evans: Library Stacks  |t 0  |e QP519.9.N83 J37  |h Library of Congress classification  |i unmediated -- volume  |m A14806224730 
998 f f |a QP519.9.N83 J37  |t 0  |l Evans: Library Stacks